000 00295nam a2200109Ia 4500
008 171211s9999 xx 000 0 und d
245 _aWatercolor: Realistic Painting
245 _cDaniel K. Tennant
260 _c2015
650 _xDrawing
856 _uhttp://down.ebook777.com/006/WatReaPai.rar
999 _c348019
_d348019